Zostali nám spoločné bolesti Hovoríme s prekladateľom Jaroslavom Kaňom

Bibliographic Details
Main Authors: Kaňa, Jaroslav, 1925-2004 (Author), Balák, Štefan, 1944-2014 (Author)
Format: Article
Language:Slovak
PhysicalDescription:Fotogr. 1
ISSN:1210-1982
Subjects:

MARC

LEADER 00000nab a2200000 a 4500
001 vtls000587668
003 SK-MaSNL
005 20260303231507.0
008 180320c1996 xo 0 slo
015 |a SNBRB19rr/mm-uuuuu 
035 |a CL0587807 
040 |a SNKBUCL  |b slo  |c SNKBUCL  |e AACR2 
041 0 |a slo 
044 |a xo  |c SK 
080 |a 82:929:885.4  |2 1981 
080 |a 885.4  |2 1981 
080 |a 82.035  |2 1981 
100 1 |a Kaňa, Jaroslav,  |d 1925-2004  |4 aut  |9 180720 
245 1 0 |a Zostali nám spoločné bolesti  |b Hovoríme s prekladateľom Jaroslavom Kaňom  |c Jaroslav Kaňa, Štefan Balák 
300 |b Fotogr. 1 
600 1 7 |a Kaňa, Jaroslav  |d 1925-  |2 snkbucl  |9 1266654 
655 7 |a články z novín a časopisov  |2 snkbucl  |9 267496 
655 7 |a články z odboru literárna veda a krásna literatúra  |2 snkbucl  |9 770045 
700 1 |a Balák, Štefan,  |d 1944-2014  |4 aut  |9 102338 
773 0 |t Knižná revue  |g Roč. 6, č. 8 (1996), s. 16  |x 1210-1982 
850 |a Slovenská národná knižnica v Martine  |a MTA001 
852 |a SNK  |b KIS3GCP 
958 |a RK 
958 |a CZ 
958 |a LX 
958 |a SK 
992 |a RBX 
999 |c 2266949  |d 2268879